000 00628nam a22002057a 4500
005 20250324111744.0
010 _aENG-144231
020 _a9789385027604
035 _aEN-127763
037 _bDBAD
082 _a530
_21
100 _aGirase, sanjeev
_979835
245 _aFundamental solid state physics/
_cSanjeev Girase
250 _a1
260 _aJalgaon
_c2019
_bKumud publication
270 _aGate no. 16, plot no. 10,shri ratna colony, pimprala parisar
_bJalgaon
_e425001
_mkumudpublications@gmail.com
_k9923374822
300 _a230p
_c21.4(pb)
760 _b1
942 _2ddc
_cEN
_h530
_mGIR
_e1
999 _c210436
_d210436